<?xml version="1.0" encoding="UTF-8"?>
<collection xmlns="http://www.loc.gov/MARC21/slim">
<record>
  <controlfield tag="001">235215</controlfield>
  <controlfield tag="005">20260201182403.0</controlfield>
  <datafield tag="022" ind1=" " ind2=" ">
    <subfield code="2">(DE-600)93343-0</subfield>
    <subfield code="a">0213-988X</subfield>
  </datafield>
  <datafield tag="022" ind1=" " ind2=" ">
    <subfield code="a">0213-988X</subfield>
    <subfield code="l">2695-7728</subfield>
  </datafield>
  <datafield tag="022" ind1=" " ind2=" ">
    <subfield code="a">2695-7728</subfield>
  </datafield>
  <datafield tag="024" ind1="7" ind2=" ">
    <subfield code="2">ZDBID</subfield>
    <subfield code="a">PERI:(DE-600)2558388-8</subfield>
  </datafield>
  <datafield tag="024" ind1="7" ind2=" ">
    <subfield code="2">ZDBPPN</subfield>
    <subfield code="a">ZDPPN:1003465757</subfield>
  </datafield>
  <datafield tag="024" ind1="7" ind2=" ">
    <subfield code="2">EZBID</subfield>
    <subfield code="a">PERI:(DE-606)135522</subfield>
  </datafield>
  <datafield tag="024" ind1="7" ind2=" ">
    <subfield code="2">EZBID</subfield>
    <subfield code="a">PERI:(DE-606)135522</subfield>
  </datafield>
  <datafield tag="024" ind1="7" ind2=" ">
    <subfield code="2">OCLC</subfield>
    <subfield code="a">OCLC:1368474089</subfield>
  </datafield>
  <datafield tag="024" ind1="7" ind2=" ">
    <subfield code="2">SCOPUS</subfield>
    <subfield code="a">SCOPUS:21101149131</subfield>
  </datafield>
  <datafield tag="035" ind1=" " ind2=" ">
    <subfield code="a">PERI:(DE-600)2558388-8</subfield>
  </datafield>
  <datafield tag="040" ind1=" " ind2=" ">
    <subfield code="a">0355</subfield>
    <subfield code="b">ger</subfield>
    <subfield code="c">DE-101</subfield>
    <subfield code="d">JOIN²</subfield>
    <subfield code="e">JOIN² journal identification</subfield>
  </datafield>
  <datafield tag="041" ind1=" " ind2=" ">
    <subfield code="a">spa</subfield>
  </datafield>
  <datafield tag="044" ind1=" " ind2=" ">
    <subfield code="c">XA-ES</subfield>
  </datafield>
  <datafield tag="082" ind1=" " ind2=" ">
    <subfield code="2">22sdnb</subfield>
    <subfield code="a">340</subfield>
    <subfield code="q">DE-600</subfield>
  </datafield>
  <datafield tag="082" ind1="7" ind2="4">
    <subfield code="2">22sdnb</subfield>
    <subfield code="a">340</subfield>
    <subfield code="q">DE-600</subfield>
  </datafield>
  <datafield tag="084" ind1=" " ind2=" ">
    <subfield code="2">fid</subfield>
    <subfield code="a">INTRECHT</subfield>
    <subfield code="q">DE-1a</subfield>
  </datafield>
  <datafield tag="110" ind1="2" ind2=" ">
    <subfield code="0">(DE-101)000460613</subfield>
    <subfield code="2">gnd</subfield>
    <subfield code="4">aut</subfield>
    <subfield code="a">Universidad de Extremadura</subfield>
    <subfield code="b">Facultad de Derecho</subfield>
    <subfield code="e">Verfasser</subfield>
  </datafield>
  <datafield tag="242" ind1="2" ind2="0">
    <subfield code="2">DE-600</subfield>
    <subfield code="a">Anuario de la Facultad de Derecho</subfield>
    <subfield code="c">Universidad de Extremadura</subfield>
    <subfield code="y">en</subfield>
  </datafield>
  <datafield tag="245" ind1=" " ind2=" ">
    <subfield code="2">DE-600</subfield>
    <subfield code="a">Anuario de la Facultad de Derecho</subfield>
    <subfield code="c">Universidad de Extremadura</subfield>
    <subfield code="h">print, online</subfield>
  </datafield>
  <datafield tag="246" ind1="3" ind2=" ">
    <subfield code="2">DE-600</subfield>
    <subfield code="a">Anuario de la Facultad de Derecho</subfield>
  </datafield>
  <datafield tag="246" ind1="3" ind2=" ">
    <subfield code="a">Anuario de la Facultad de Derecho</subfield>
  </datafield>
  <datafield tag="246" ind1="3" ind2=" ">
    <subfield code="a">Anuario de la Facultad de Derecho, Universidad de Extremadura</subfield>
  </datafield>
  <datafield tag="260" ind1=" " ind2=" ">
    <subfield code="a">Cáceres</subfield>
    <subfield code="b">Univ. Servicio de Publ.</subfield>
    <subfield code="c">1982-</subfield>
  </datafield>
  <datafield tag="260" ind1=" " ind2=" ">
    <subfield code="a">Getzville, NY</subfield>
    <subfield code="b">HeinOnline</subfield>
    <subfield code="c">1982-</subfield>
  </datafield>
  <datafield tag="260" ind1="7" ind2=" ">
    <subfield code="2">DOAJ</subfield>
    <subfield code="a">Spain</subfield>
    <subfield code="b">Universidad de Extremadura</subfield>
    <subfield code="d">2020-05-20T17:50:36Z</subfield>
    <subfield code="f">Universidad de Extremadura</subfield>
  </datafield>
  <datafield tag="264" ind1="3" ind2="1">
    <subfield code="a">Cáceres</subfield>
    <subfield code="b">Univ. Servicio de Publ.</subfield>
    <subfield code="c">1982-</subfield>
  </datafield>
  <datafield tag="264" ind1="3" ind2="1">
    <subfield code="a">Getzville, NY</subfield>
    <subfield code="b">HeinOnline</subfield>
    <subfield code="c">1982-</subfield>
  </datafield>
  <datafield tag="362" ind1="0" ind2=" ">
    <subfield code="2">DE-600</subfield>
    <subfield code="a">1.1982 -</subfield>
  </datafield>
  <datafield tag="363" ind1="0" ind2="1">
    <subfield code="2">DE-600</subfield>
    <subfield code="8">1.1\x</subfield>
    <subfield code="a">1</subfield>
    <subfield code="i">1982</subfield>
  </datafield>
  <datafield tag="380" ind1=" " ind2=" ">
    <subfield code="2">marcgt</subfield>
    <subfield code="a">journal</subfield>
  </datafield>
  <datafield tag="500" ind1=" " ind2=" ">
    <subfield code="a">Automatically generated record. (Updated: 2025-11-12)</subfield>
  </datafield>
  <datafield tag="650" ind1=" " ind2="7">
    <subfield code="0">ASJC:3321</subfield>
    <subfield code="2">ASJC</subfield>
    <subfield code="a">Public Administration</subfield>
  </datafield>
  <datafield tag="650" ind1=" " ind2="7">
    <subfield code="0">ASJC:3308</subfield>
    <subfield code="2">ASJC</subfield>
    <subfield code="a">Law</subfield>
  </datafield>
  <datafield tag="653" ind1="1" ind2="0">
    <subfield code="2">EZB-Subject</subfield>
    <subfield code="a">Jurisprudence</subfield>
  </datafield>
  <datafield tag="653" ind1="1" ind2="0">
    <subfield code="2">EZB-Keyword</subfield>
    <subfield code="a">Allgemeine Rechtswissenschaften</subfield>
  </datafield>
  <datafield tag="653" ind1="1" ind2="0">
    <subfield code="2">DOAJ</subfield>
    <subfield code="a">law</subfield>
    <subfield code="d">2020-05-20T17:50:36Z</subfield>
  </datafield>
  <datafield tag="653" ind1="1" ind2="0">
    <subfield code="2">DOAJ</subfield>
    <subfield code="a">jurisprudence</subfield>
    <subfield code="d">2020-05-20T17:50:36Z</subfield>
  </datafield>
  <datafield tag="653" ind1="1" ind2="0">
    <subfield code="2">DOAJ</subfield>
    <subfield code="a">legislation</subfield>
    <subfield code="d">2020-05-20T17:50:36Z</subfield>
  </datafield>
  <datafield tag="653" ind1="1" ind2="0">
    <subfield code="2">DOAJ</subfield>
    <subfield code="a">social sciences</subfield>
    <subfield code="d">2020-05-20T17:50:36Z</subfield>
  </datafield>
  <datafield tag="653" ind1="1" ind2="0">
    <subfield code="2">DOAJ</subfield>
    <subfield code="a">legal studies</subfield>
    <subfield code="d">2020-05-20T17:50:36Z</subfield>
  </datafield>
  <datafield tag="653" ind1="1" ind2="0">
    <subfield code="2">DOAJ</subfield>
    <subfield code="a">Law</subfield>
    <subfield code="d">2020-05-20T17:50:36Z</subfield>
  </datafield>
  <datafield tag="776" ind1="0" ind2="8">
    <subfield code="2">DE-600</subfield>
    <subfield code="a">Universidad de Extremadura / Facultad de Derecho</subfield>
    <subfield code="d">Cáceres : Univ. Servicio de Publ., 1983-</subfield>
    <subfield code="i">Erscheint auch als</subfield>
    <subfield code="n">Druck-Ausgabe</subfield>
    <subfield code="t">Anuario de la Facultad de Derecho</subfield>
    <subfield code="w">(DE-600)93343-0</subfield>
    <subfield code="x">0213-988X</subfield>
  </datafield>
  <datafield tag="856" ind1="4" ind2=" ">
    <subfield code="d">0</subfield>
    <subfield code="u">http://heinonline.org</subfield>
    <subfield code="y">Aggregator</subfield>
  </datafield>
  <datafield tag="856" ind1="4" ind2=" ">
    <subfield code="d">0</subfield>
    <subfield code="u">https://dialnet.unirioja.es/servlet/revista?codigo=116</subfield>
    <subfield code="y">Verlag = kostenfrei</subfield>
  </datafield>
  <datafield tag="856" ind1="4" ind2=" ">
    <subfield code="d">0</subfield>
    <subfield code="u">https://ezb.ur.de/?2558388-8</subfield>
    <subfield code="y">EZB</subfield>
  </datafield>
  <datafield tag="856" ind1="4" ind2=" ">
    <subfield code="d">0</subfield>
    <subfield code="u">https://publicaciones.unex.es/index.php/AFD/about</subfield>
    <subfield code="y">Scope</subfield>
  </datafield>
  <datafield tag="856" ind1="4" ind2=" ">
    <subfield code="d">0</subfield>
    <subfield code="u">https://publicaciones.unex.es/index.php/AFD/about/editorialTeam</subfield>
    <subfield code="y">Editorial board</subfield>
  </datafield>
  <datafield tag="856" ind1="4" ind2=" ">
    <subfield code="d">0</subfield>
    <subfield code="u">https://publicaciones.unex.es/index.php/AFD/autores</subfield>
    <subfield code="y">Instructions for Authors</subfield>
  </datafield>
  <datafield tag="856" ind1="4" ind2=" ">
    <subfield code="d">0</subfield>
    <subfield code="u">https://publicaciones.unex.es/index.php/AFD/politicas</subfield>
    <subfield code="y">APC information</subfield>
  </datafield>
  <datafield tag="880" ind1="1" ind2=" ">
    <subfield code="2">DE-600</subfield>
    <subfield code="a">Anuario de la Facultad de Derecho</subfield>
    <subfield code="c">Universidad de Extremadura</subfield>
  </datafield>
  <datafield tag="909" ind1="C" ind2="O">
    <subfield code="o">oai:juser.fz-juelich.de:886476</subfield>
    <subfield code="p">authority:PERI</subfield>
    <subfield code="p">authority</subfield>
  </datafield>
  <datafield tag="915" ind1=" " ind2=" ">
    <subfield code="0">StatID:(DE-HGF)0501</subfield>
    <subfield code="2">StatID</subfield>
    <subfield code="a">DBCoverage</subfield>
    <subfield code="b">DOAJ Seal</subfield>
    <subfield code="d">2020-05-20T17:50:36Z</subfield>
  </datafield>
  <datafield tag="915" ind1=" " ind2=" ">
    <subfield code="0">StatID:(DE-HGF)0500</subfield>
    <subfield code="2">StatID</subfield>
    <subfield code="a">DBCoverage</subfield>
    <subfield code="b">DOAJ</subfield>
    <subfield code="d">2020-05-20T17:50:36Z</subfield>
  </datafield>
  <datafield tag="915" ind1=" " ind2=" ">
    <subfield code="0">StatID:(DE-HGF)0030</subfield>
    <subfield code="2">StatID</subfield>
    <subfield code="a">Peer Review</subfield>
    <subfield code="b">DOAJ : Double anonymous peer review</subfield>
    <subfield code="d">2020-05-20T17:50:36Z</subfield>
  </datafield>
  <datafield tag="915" ind1=" " ind2=" ">
    <subfield code="0">LIC:(DE-HGF)CCBYNV</subfield>
    <subfield code="2">V:(DE-HGF)</subfield>
    <subfield code="a">Creative Commons Attribution CC BY (No Version)</subfield>
    <subfield code="b">DOAJ</subfield>
    <subfield code="d">2020-05-20T17:50:36Z</subfield>
  </datafield>
  <datafield tag="915" ind1=" " ind2=" ">
    <subfield code="0">StatID:(DE-HGF)0200</subfield>
    <subfield code="2">StatID</subfield>
    <subfield code="a">DBCoverage</subfield>
    <subfield code="b">SCOPUS</subfield>
    <subfield code="d">2025-11-12</subfield>
  </datafield>
  <datafield tag="980" ind1=" " ind2=" ">
    <subfield code="a">PERI</subfield>
  </datafield>
  <datafield tag="980" ind1=" " ind2=" ">
    <subfield code="a">AUTHORITY</subfield>
  </datafield>
  <datafield tag="909" ind1="C" ind2="O">
    <subfield code="o">oai:juser.fz-juelich.de:886476</subfield>
  </datafield>
</record>
</collection>